[Event "98th ch-GBR"]
[Site "Sheffield ENG"]
[Date "2011.07.26"]
[Round "2"]
[White "Short,N"]
[Black "Ledger,A"]
[Result "1/2-1/2"]
[WhiteElo "2687"]
[BlackElo "2435"]
[EventDate "2011.07.25"]

1. e4 c6 2. Nc3 d5 3. Nf3 Bg4 4. h3 Bh5 5. Be2 e6 6. O-O dxe4 7. Nxe4 Nd7
8. Re1 Ngf6 9. Nxf6+ Nxf6 10. Ne5 Bxe2 11. Qxe2 Be7 12. b3 O-O 13. Bb2 Re8
14. Rad1 Nd7 15. Ng4 Nf6 16. Ne5 Nd7 17. Nxd7 Qxd7 18. Qg4 Bf8 19. h4 g6
20. h5 Bg7 21. Bxg7 Kxg7 22. Qf4 f6 23. d4 Rad8 24. Rd3 Qd6 25. Qg4 Qd5 26.
hxg6 hxg6 27. Rg3 Qf5 28. Qxf5 exf5 29. Rxe8 Rxe8 30. Re3 Re4 31. c3 Kf7
32. Kf1 Rg4 33. Rh3 Ke6 34. Rh7 b5 35. f3 Rg5 36. Rxa7 Rh5 37. Kg1 f4 38.
Ra6 Kd7 39. c4 bxc4 40. bxc4 Rh8 41. c5 Rc8 42. d5 cxd5 43. Rxf6 Rxc5 44.
Rxf4 Ke6 45. Rg4 Kf5 46. a4 Rc2 47. Kf1 Ra2 48. Ke1 d4 49. Rxd4 Rxg2 50.
Rd2 Rg1+ 51. Kf2 Ra1 52. Rd5+ Kf4 53. Rd4+ Kf5 54. f4 g5 55. fxg5 Kxg5 56.
Ke3 Kf5 1/2-1/2

[Event "98th ch-GBR"]
[Site "Sheffield ENG"]
[Date "2011.07.26"]
[Round "2"]
[White "Buckley,G"]
[Black "Howell,D"]
[Result "0-1"]
[WhiteElo "2380"]
[BlackElo "2625"]
[EventDate "2011.07.25"]

1. d4 Nf6 2. Nf3 g6 3. Bg5 Bg7 4. Nbd2 O-O 5. c3 d5 6. e3 Nbd7 7. Be2 Re8
8. O-O e5 9. dxe5 Nxe5 10. Nxe5 Rxe5 11. Nf3 Re8 12. c4 c6 13. Qa4 dxc4 14.
Rad1 Qb6 15. Bxc4 Ne4 16. b4 Qc7 17. Rc1 b5 18. Bxb5 cxb5 19. Qxb5 Qd7 0-1

[Event "98th ch-GBR"]
[Site "Sheffield ENG"]
[Date "2011.07.26"]
[Round "2"]
[White "Lalic,S"]
[Black "Hebden,M"]
[Result "1-0"]
[WhiteElo "2277"]
[BlackElo "2533"]
[EventDate "2011.07.25"]

1. e4 e5 2. Nf3 Nc6 3. Nc3 Nf6 4. d4 exd4 5. Nxd4 Bb4 6. Nxc6 bxc6 7. Bd3
O-O 8. O-O d5 9. exd5 cxd5 10. Bg5 c6 11. Qf3 Rb8 12. Rab1 Re8 13. a3 Bd6
14. Bxf6 Qxf6 15. Qxf6 gxf6 16. b4 Be6 17. Na4 d4 18. Nc5 Bxc5 19. bxc5
Rbd8 20. Rb7 Rd5 21. Rxa7 Rxc5 22. Re1 Rd8 23. h3 Rc3 24. Bxh7+ Kf8 25. g4
c5 26. Kh2 Bd5 27. a4 Kg7 28. Be4 Re8 29. Bxd5 Rxe1 30. Rxf7+ Kg6 31. h4
Re2 32. Kg2 Rcxc2 33. Kg3 Rxf2 34. h5+ Kh6 35. Be4 f5 36. Bxc2 Rxc2 37.
Rxf5 d3 38. Rd5 c4 39. Kf4 Re2 40. Rd6+ Kg7 41. g5 Re7 42. h6+ Kh7 43. Kg4
Rc7 44. Kh5 Rc5 45. Rd7+ Kh8 46. h7 1-0

[Event "98th ch-GBR"]
[Site "Sheffield ENG"]
[Date "2011.07.26"]
[Round "2"]
[White "Khandelwal,A"]
[Black "Conquest,S"]
[Result "0-1"]
[WhiteElo "2211"]
[BlackElo "2519"]
[EventDate "2011.07.25"]

1. f4 Nf6 2. Nf3 g6 3. g3 Bg7 4. Bg2 c5 5. O-O Nc6 6. Nc3 d6 7. d3 O-O 8.
h3 Rb8 9. g4 b5 10. e4 b4 11. Ne2 c4 12. dxc4 Qb6+ 13. Kh2 Nxe4 14. Qd5 Nf6
15. Qd3 Ba6 16. Be3 Qc7 17. g5 Nh5 18. b3 Rbd8 19. Nfd4 Nxd4 20. Bxd4 d5
21. Bxg7 Nxg7 22. Qf3 dxc4 23. Rf2 Nf5 24. Ng3 Nd4 25. Qe4 Rd7 26. Qe1 Rb8
27. Ne4 Bb7 28. bxc4 Qxc4 29. Rb1 Nxc2 30. Qh1 Ne3 31. Bf3 Qc7 32. Rxb4
Qxf4+ 33. Kg1 Bxe4 0-1

[Event "98th ch-GBR"]
[Site "Sheffield ENG"]
[Date "2011.07.26"]
[Round "2"]
[White "Gormally,D"]
[Black "Adair,J"]
[Result "1-0"]
[WhiteElo "2519"]
[BlackElo "2212"]
[EventDate "2011.07.25"]

1. d4 Nf6 2. Nf3 e6 3. c4 b6 4. g3 Bb7 5. Bg2 Be7 6. O-O O-O 7. d5 exd5 8.
Nh4 c6 9. cxd5 Nxd5 10. Nf5 Nc7 11. e4 d5 12. Nc3 Bf6 13. exd5 cxd5 14. Bf4
Nba6 15. Re1 Nc5 16. Bd6 Re8 17. Rxe8+ Qxe8 18. Bxc7 Qd7 19. Nd6 Bxc3 20.
Nxb7 Nxb7 21. Bf4 Bxb2 22. Rb1 g5 23. Bxg5 Qf5 24. Be3 Bf6 25. Rb4 Rd8 26.
Rg4+ Kf8 27. Rf4 Qe6 28. Qh5 Qe5 29. Qf3 Rd6 30. Bd4 Qe1+ 31. Bf1 Bxd4 32.
Rxf7+ Kg8 33. Rxb7 Qe8 34. Qg4+ 1-0

[Event "98th ch-GBR"]
[Site "Sheffield ENG"]
[Date "2011.07.26"]
[Round "2"]
[White "Williams,Si1"]
[Black "Walton,A"]
[Result "1-0"]
[WhiteElo "2528"]
[BlackElo "2172"]
[EventDate "2011.07.25"]

1. e4 e6 2. d4 d5 3. Nc3 Nf6 4. Bg5 Be7 5. e5 Nfd7 6. Bxe7 Qxe7 7. f4 O-O
8. Nf3 c5 9. Qd2 Nc6 10. dxc5 Qxc5 11. Bd3 Nb6 12. O-O-O Bd7 13. Kb1 f6 14.
exf6 Rxf6 15. g3 Nc4 16. Bxc4 Qxc4 17. Rhe1 Be8 18. Ne5 Nxe5 19. Rxe5 Bg6
20. Qd4 Qc6 21. h4 Bf5 22. g4 Bxg4 23. Rg1 Bf3 24. Re3 1-0

[Event "98th ch-GBR"]
[Site "Sheffield ENG"]
[Date "2011.07.26"]
[Round "2"]
[White "Sreeves,C"]
[Black "Pert,N"]
[Result "1-0"]
[WhiteElo "2169"]
[BlackElo "2555"]
[EventDate "2011.07.25"]

1. e4 e6 2. d4 d5 3. Nd2 c5 4. exd5 Qxd5 5. Ngf3 cxd4 6. Bc4 Qd8 7. O-O Nc6
8. Nb3 a6 9. Nbxd4 Nxd4 10. Nxd4 Bd6 11. Bb3 Qc7 12. h3 Ne7 13. Qe2 Bd7 14.
Rd1 O-O-O 15. Be3 e5 16. Nf3 f6 17. Nd2 Bf5 18. Nc4 Bc5 19. Rxd8+ Rxd8 20.
Rd1 Rxd1+ 21. Qxd1 Kb8 22. Bxc5 Qxc5 23. Qd8+ Nc8 24. Ne3 Bg6 25. Be6 Qc6
26. Bb3 Qc7 27. Qg8 Ka7 28. Nd5 Qd7 29. Qf8 Nd6 30. Ne7 a5 31. a4 Qc7 32.
c3 Qb6 33. Bd5 Bc2 34. Qxg7 Bxa4 35. Qxf6 Bd7 36. Qxe5 a4 37. Be6 Bxe6 38.
Qxe6 Qxb2 39. Qxd6 a3 40. Qd4+ Ka8 41. Qa4+ Kb8 42. Qe8+ Ka7 43. Nc8+ Kb8
44. Nd6+ Kc7 45. Qe5 Qb1+ 46. Kh2 a2 47. Nc4+ Kd7 48. Qd6+ Ke8 49. Qe6+ Kd8
50. Qf6+ Ke8 51. Ne5 Qb3 52. c4 Qa4 53. Qe6+ Kd8 54. Nf7+ Kc7 55. Qd6+ Kc8
56. Qd8+ 1-0

[Event "98th ch-GBR"]
[Site "Sheffield ENG"]
[Date "2011.07.26"]
[Round "2"]
[White "Jackson,J"]
[Black "Wells,P"]
[Result "0-1"]
[WhiteElo "2157"]
[BlackElo "2489"]
[EventDate "2011.07.25"]

1. e4 c6 2. d4 d5 3. exd5 cxd5 4. c4 Nf6 5. Nc3 e6 6. Nf3 Bb4 7. Bd3 dxc4
8. Bxc4 O-O 9. O-O b6 10. Bb3 Bb7 11. Bg5 Nbd7 12. Re1 Rc8 13. Rc1 b5 14.
Ne5 Nxe5 15. Rxe5 a6 16. Qd3 Re8 17. Rce1 h6 18. Bh4 Bd6 19. R5e3 b4 20.
Na4 Bf4 21. R3e2 Bc6 22. Rc2 Bb5 23. Qd1 Rxc2 24. Bxc2 g5 25. Bg3 Qd6 26.
Nc5 Kg7 27. Bb1 a5 28. a3 Bc6 29. axb4 axb4 30. Ne4 Bxe4 31. Bxe4 Rd8 32.
Bxf4 Qxf4 33. Qd3 Ng4 34. Rd1 Qxf2+ 0-1

[Event "98th ch-GBR"]
[Site "Sheffield ENG"]
[Date "2011.07.26"]
[Round "2"]
[White "Hunt,A"]
[Black "Jones,V"]
[Result "1-0"]
[WhiteElo "2436"]
[BlackElo "2153"]
[EventDate "2011.07.25"]

1. e4 e6 2. d4 d5 3. Nc3 Bb4 4. e5 c5 5. Qg4 Ne7 6. dxc5 Qa5 7. Bd2 Qxc5 8.
Nf3 Nbc6 9. O-O-O Ng6 10. h4 O-O 11. a3 Bxc3 12. Bxc3 Qxf2 13. Re1 f6 14.
Bd3 f5 15. Qg5 Bd7 16. h5 Nge7 17. Qf4 Rad8 18. Re3 d4 19. Re2 Nd5 20. Qh2
Qxe2 21. Bxe2 dxc3 22. b4 Bc8 23. Qh4 h6 24. Rd1 a6 25. Qf2 Nf4 26. Rxd8
Rxd8 27. Bc4 b5 28. Bb3 Ne7 29. g3 Nfd5 30. Nd4 Rf8 31. Ne2 Bb7 32. Qa7 Bc6
33. Nxc3 Ra8 34. Qc5 Kf7 35. Ne2 Rd8 36. Nd4 Bb7 37. Kb2 Rd7 38. a4 bxa4
39. Bxa4 Rd8 40. Bb3 f4 41. gxf4 Nxf4 42. Qb6 Rd7 43. Bxe6+ Nxe6 44. Qxe6+
Ke8 45. Nf5 Bd5 46. Nxg7+ 1-0

[Event "98th ch-GBR"]
[Site "Sheffield ENG"]
[Date "2011.07.26"]
[Round "2"]
[White "Jones,W"]
[Black "Eggleston,D"]
[Result "1/2-1/2"]
[WhiteElo "2121"]
[BlackElo "2318"]
[EventDate "2011.07.25"]

1. e4 c5 2. Nf3 d6 3. d4 cxd4 4. Nxd4 Nf6 5. Nc3 a6 6. Be3 e5 7. Nb3 Be6 8.
f3 Nbd7 9. g4 Nb6 10. g5 Nh5 11. Qd2 Be7 12. O-O-O O-O 13. Kb1 Rc8 14. Rg1
Qc7 15. Qf2 Bd8 16. f4 Nxf4 17. Bxf4 exf4 18. Qxf4 Na4 19. Rg3 b5 20. Nd4
d5 21. e5 Nc5 22. Bg2 Qd7 23. Nb3 Nxb3 24. axb3 Qc7 25. Bxd5 Be7 26. Rg2
Rfd8 27. Bxe6 Rxd1+ 28. Nxd1 fxe6 29. Ne3 Rf8 30. Qe4 Bc5 31. c3 Bxe3 32.
Qxe3 Rf1+ 33. Kc2 Qf7 34. Qe4 Qf5 35. Qxf5 Rxf5 36. c4 Rxe5 37. Kd3 Kf7 38.
Kd4 Rf5 39. Rg1 Rf2 40. Kc3 bxc4 41. bxc4 Rxh2 42. c5 Ke7 43. g6 hxg6 44.
Rxg6 Kf7 45. Rg4 Rh8 46. Ra4 Rc8 47. Kc4 Rc6 48. Rb4 g5 49. Rb6 Rc8 50.
Rxa6 g4 51. Ra3 Rg8 52. Rg3 Ke7 53. b4 Kd7 54. b5 Kc7 55. b6+ Kc6 56. Kd4
Rg5 57. Rb3 Rg7 58. Ke5 g3 59. b7 Rxb7 60. Rxg3 1/2-1/2

[Event "98th ch-GBR"]
[Site "Sheffield ENG"]
[Date "2011.07.26"]
[Round "2"]
[White "Ansell,S"]
[Black "Kemp,PaulR"]
[Result "1-0"]
[WhiteElo "2410"]
[BlackElo "2114"]
[EventDate "2011.07.25"]

1. e4 c6 2. Nc3 d5 3. Nf3 Bg4 4. h3 Bxf3 5. Qxf3 Nf6 6. d3 e6 7. Bd2 Nbd7
8. g4 g6 9. Qg2 d4 10. Ne2 Qb6 11. O-O-O O-O-O 12. g5 Ne8 13. Nxd4 Bg7 14.
Nb3 Nc5 15. Be3 Nxb3+ 16. axb3 Qa5 17. Kb1 Nd6 18. d4 c5 19. Be2 Nb5 20.
Bd2 Qb6 21. dxc5 Qxc5 22. Bxb5 Qxb5 23. Qf3 Rhf8 24. Bc1 Qe5 25. Qe3 b6 26.
f4 Qb5 27. e5 h5 28. Qe4 Kc7 29. Be3 Rd7 30. Qa4 Qxa4 31. bxa4 Rfd8 32.
Rxd7+ Rxd7 33. c3 Bf8 34. Kc2 Kc6 35. Ra1 Bc5 36. Re1 Be7 37. Re2 Bf8 38.
Bd4 Be7 39. Kd3 Bc5 40. Re4 Be7 41. Kc4 Rd5 42. Re2 Rd7 43. b4 Rd5 44. Ra2
Kb7 45. Rg2 Rd7 46. Kd3 Rd8 47. Ke4 Rd7 48. Ra2 Rd8 49. a5 Rd7 50. axb6
axb6 51. Ra4 Rc7 52. Kd3 Rc8 53. Kc2 Rc7 54. Kb3 Rd7 55. Ra2 Bf8 56. Rd2
Be7 57. Kc4 Kc6 58. Ra2 Kb7 59. Kd3 Bf8 60. Ke4 Be7 61. b5 Rc7 62. Ra4 Bf8
63. Kd3 Rd7 64. Ke3 Rc7 65. c4 Be7 66. Kd3 Rd7 67. Kc3 Bc5 68. Bxc5 bxc5
69. Ra6 Rd1 70. Rd6 Rh1 71. Rd7+ Kb6 72. Rxf7 Rxh3+ 73. Kd2 Rh1 74. Rf6 h4
75. Rxe6+ Kc7 76. Rxg6 h3 77. Rh6 h2 78. g6 Ra1 79. g7 1-0

[Event "98th ch-GBR"]
[Site "Sheffield ENG"]
[Date "2011.07.26"]
[Round "2"]
[White "Atako,C"]
[Black "Webb,L"]
[Result "1-0"]
[WhiteElo "2110"]
[BlackElo "2306"]
[EventDate "2011.07.25"]

1. e4 e6 2. Nf3 d5 3. Nc3 d4 4. Ne2 c5 5. c3 Nc6 6. cxd4 Nf6 7. e5 Nd7 8.
dxc5 Ndxe5 9. Nxe5 Nxe5 10. d4 Bxc5 11. Be3 Bb4+ 12. Nc3 Nc6 13. Be2 O-O
14. O-O Ne7 15. Qb3 Bd6 16. Bf3 Nf5 17. g3 Rb8 18. Nb5 Nxe3 19. fxe3 a6 20.
Nxd6 Qxd6 21. Rac1 Bd7 22. Rc5 b6 23. Rc3 g6 24. Rfc1 e5 25. Qd5 Qxd5 26.
Bxd5 exd4 27. exd4 Rfd8 28. Bb3 Rbc8 29. Kf2 Kf8 30. Rc7 Ke7 31. Re1+ Kd6
32. Rc3 f6 33. Rf3 Rf8 34. Rfe3 Rfe8 35. a3 Rxe3 36. Kxe3 Be6 37. Bxe6 Kxe6
38. Kd3+ Kd6 39. Rf1 Rf8 40. b4 f5 41. a4 Rf7 42. h4 Rc7 43. Re1 Re7 44.
Rc1 Re4 45. Rc8 Kd5 46. Rd8+ Kc6 47. Rc8+ Kb7 48. Rc1 Rg4 49. d5 Re4 50. d6
Re6 51. Rc7+ Kb8 52. Rc6 Kb7 53. Rc7+ Kb8 54. Rc6 Kb7 55. b5 axb5 56. axb5
Re1 57. Kd4 Rb1 58. Rc7+ Kb8 59. Kd5 Rxb5+ 60. Ke6 Rb3 61. Rc6 Re3+ 62. Kf7
Kb7 63. Rc7+ Kb8 64. Re7 Rd3 65. d7 Kc7 66. Ke8 1-0

[Event "98th ch-GBR"]
[Site "Sheffield ENG"]
[Date "2011.07.26"]
[Round "2"]
[White "Griffiths,R"]
[Black "McKenna,Jas"]
[Result "1-0"]
[WhiteElo "2301"]
[BlackElo "2098"]
[EventDate "2011.07.25"]

1. c4 g6 2. g3 Bg7 3. Bg2 c5 4. Nc3 Nc6 5. Nf3 d6 6. O-O Nf6 7. a3 O-O 8.
Rb1 a5 9. d3 h6 10. Bd2 e5 11. Ne1 Be6 12. Nd5 Ne8 13. b4 axb4 14. axb4
cxb4 15. Nc2 f5 16. Ncxb4 Rc8 17. Nb6 Rc7 18. Qa4 Nb8 19. Qa8 Rcf7 20. N4d5
Nc6 21. Qxd8 Nxd8 22. Na4 Nc6 23. Rb6 e4 24. Nf4 Nd4 25. e3 g5 26. Nxe6
Nxe6 27. dxe4 f4 28. Bh3 Nd8 29. Bf5 fxg3 30. hxg3 Be5 31. Nc3 Kg7 32. f4
gxf4 33. gxf4 Bf6 34. Nd5 1-0

[Event "98th ch-GBR"]
[Site "Sheffield ENG"]
[Date "2011.07.26"]
[Round "2"]
[White "Lalic,P"]
[Black "Harvey,Marcus R"]
[Result "1/2-1/2"]
[WhiteElo "1978"]
[BlackElo "2206"]
[EventDate "2011.07.25"]

1. e4 e6 2. d4 d5 3. Nc3 Nf6 4. e5 Ne4 5. Nxe4 dxe4 6. Be3 Nd7 7. c3 c5 8.
Ne2 cxd4 9. cxd4 Bb4+ 10. Nc3 O-O 11. Be2 b6 12. O-O Bb7 13. Qb3 Qe7 14.
Nb5 Bd5 15. Qa4 Bc6 16. Rfc1 Rfc8 17. a3 a6 18. Rxc6 Rxc6 19. Qxb4 Qxb4 20.
axb4 Rc2 21. Nc3 Rxb2 22. Rxa6 Rc8 23. Ra2 Rxb4 24. Nxe4 h6 25. g3 Rb8 26.
Nd6 f5 27. Ra7 Nf8 28. h4 b5 29. Kg2 Rb2 30. Kf3 b4 31. Nc4 Rc2 32. Bd3 Rc3
33. Ke2 b3 34. Bd2 Rxc4 35. Bxc4 b2 36. Bd3 b1=Q 37. Bxb1 Rxb1 38. Re7 h5
39. Kd3 Rb2 40. Kc3 Rb8 41. Be3 Rd8 42. Bd2 Rd7 43. Rxd7 Nxd7 44. d5 Kf7
45. Kd4 exd5 46. Kxd5 Nb6+ 47. Kc5 Nd7+ 48. Kd6 Nf8 49. Be3 Ne6 50. Bb6 Nf8
51. Ba7 Ne6 52. Bc5 Nf8 53. Kd5 Ne6 54. Bd6 Nd8 55. Bb4 Ne6 1/2-1/2

[Event "98th ch-GBR"]
[Site "Sheffield ENG"]
[Date "2011.07.26"]
[Round "2"]
[White "Boyd,J"]
[Black "Holland,J"]
[Result "1/2-1/2"]
[WhiteElo "2200"]
[BlackElo "2196"]
[EventDate "2011.07.25"]

1. e4 c5 2. Nc3 d6 3. g3 g6 4. Bg2 Bg7 5. d3 Nc6 6. Nge2 Nf6 7. f4 O-O 8.
O-O Rb8 9. h3 Nd7 10. Be3 Nd4 11. Qd2 b5 12. Nc1 b4 13. Nd1 Qa5 14. g4 Qa4
15. Rf2 Ba6 16. b3 Qa5 17. Rb1 Nb5 18. Ne2 Qxa2 19. Rc1 Na3 20. f5 Bb5 21.
Nf4 Nb6 22. Nd5 Nxd5 23. exd5 a5 24. Bh6 Bd4 25. Be3 Bg7 26. Bh6 Bh8 27.
Be4 Bd4 1/2-1/2

[Event "98th ch-GBR"]
[Site "Sheffield ENG"]
[Date "2011.07.26"]
[Round "2"]
[White "Simons,M"]
[Black "Beaumont,C"]
[Result "1/2-1/2"]
[WhiteElo "2179"]
[BlackElo "2313"]
[EventDate "2011.07.25"]

1. e4 c5 2. d4 cxd4 3. c3 g6 4. cxd4 d5 5. exd5 Nf6 6. Bb5+ Nbd7 7. Nc3 Bg7
8. d6 exd6 9. Qe2+ Kf8 10. Bf4 Nb6 11. Nf3 h6 12. h3 Be6 13. O-O a6 14. Bd3
Qd7 15. Rfe1 Re8 16. Qd2 Kg8 17. Bh2 Nbd5 18. Nxd5 Nxd5 19. Qa5 Kh7 20.
Rac1 Rc8 21. Bc4 Ne7 22. Bxe6 fxe6 23. Qb4 Rxc1 24. Rxc1 Rd8 25. b3 Nd5 26.
Qc4 Bf6 27. Bg3 1/2-1/2

[Event "98th ch-GBR"]
[Site "Sheffield ENG"]
[Date "2011.07.26"]
[Round "2"]
[White "Dargan,P"]
[Black "Constantinou,Pe"]
[Result "1/2-1/2"]
[WhiteElo "2151"]
[BlackElo "2292"]
[EventDate "2011.07.25"]

1. e4 d5 2. exd5 Qxd5 3. Nc3 Qa5 4. d4 Nf6 5. Nf3 c6 6. Bc4 Bf5 7. Ne5 e6
8. Bd2 Bb4 9. Qe2 Nbd7 10. Nxd7 Kxd7 11. a3 Nd5 12. Nxd5 Bxd2+ 13. Qxd2
Qxd2+ 14. Kxd2 cxd5 15. Bd3 Bg6 16. Rae1 Rac8 17. f4 Kd6 18. g4 Bxd3 19.
Kxd3 h5 20. h3 Ke7 21. g5 Kd6 22. h4 b5 23. c3 a5 24. Rhf1 g6 25. Ra1 Rb8
26. b3 Rhc8 27. Rfc1 Rc7 28. Kd2 f6 29. Rf1 Rf7 30. b4 Rbf8 31. bxa5 fxg5
32. hxg5 Ra7 1/2-1/2

[Event "98th ch-GBR"]
[Site "Sheffield ENG"]
[Date "2011.07.26"]
[Round "2"]
[White "Rudd,J"]
[Black "Surtees,M"]
[Result "1-0"]
[WhiteElo "2278"]
[BlackElo "2151"]
[EventDate "2011.07.25"]

1. d4 c6 2. Nf3 f6 3. e4 g6 4. Bf4 Nh6 5. Qd2 g5 6. Be3 Nf7 7. c4 d6 8. d5
c5 9. Nc3 Na6 10. Be2 h5 11. O-O-O Qa5 12. Kb1 Bd7 13. Ne1 Bg7 14. h4 g4
15. f3 f5 16. exf5 Bxf5+ 17. Bd3 Bxd3+ 18. Nxd3 gxf3 19. gxf3 Ne5 20. Nxe5
Bxe5 21. f4 Bf6 22. Ne4 Qb6 23. Nxf6+ exf6 24. Qc3 O-O-O 25. Qxf6 Rdf8 26.
Qc3 Qd8 27. Rdg1 Nc7 28. Rg5 Ne8 29. Qd3 Nf6 30. Bd2 Ng4 31. Re1 Kb8 32.
Re6 Rhg8 33. f5 Ne5 34. Qe4 Nf7 35. Rgg6 Rxg6 36. fxg6 Ne5 37. g7 Rf1+ 38.
Kc2 Rg1 39. Bg5 Qg8 40. Rxe5 dxe5 41. Qxe5+ Ka8 42. Qf5 Rg2+ 43. Kd1 Rg1+
44. Ke2 Qe8+ 45. Qe6 1-0

[Event "98th ch-GBR"]
[Site "Sheffield ENG"]
[Date "2011.07.26"]
[Round "2"]
[White "Ledger,D"]
[Black "Jenks,C"]
[Result "1/2-1/2"]
[WhiteElo "2277"]
[BlackElo "2146"]
[EventDate "2011.07.25"]

1. e4 c5 2. Nf3 g6 3. d4 cxd4 4. Nxd4 Bg7 5. Nc3 Nc6 6. Be3 Nf6 7. Bc4 O-O
8. Bb3 a5 9. O-O a4 10. Nxa4 Nxe4 11. Nb5 Rxa4 12. Bxa4 Bxb2 13. Rb1 Bg7
14. f3 Qa5 15. c4 Nc3 16. Nxc3 Qxc3 17. Qb3 Nd4 18. Qxc3 Ne2+ 19. Kf2 Nxc3
20. Rb4 Nxa2 21. Rb6 Nc3 22. Bb3 f5 23. Ke1 f4 24. Bg1 Rf5 25. Kd2 Rg5 26.
g4 fxg3 27. Be3 g2 28. Rg1 Rf5 29. Rxg2 Rxf3 30. Bc2 d5 31. Bxg6 dxc4 32.
Bd4 Bxd4 33. Be4+ Kf8 34. Bxf3 Bxb6 35. Kxc3 e5 36. Bd5 Bf5 37. Kxc4 Be3
38. Bxb7 Kf7 39. Kd5 Bf4 40. h4 Kf6 41. Bc6 1/2-1/2

[Event "98th ch-GBR"]
[Site "Sheffield ENG"]
[Date "2011.07.26"]
[Round "2"]
[White "French,A"]
[Black "Chapman,T"]
[Result "0-1"]
[WhiteElo "2103"]
[BlackElo "2242"]
[EventDate "2011.07.25"]

1. e4 c6 2. d4 d5 3. e5 c5 4. dxc5 Nc6 5. Bb5 e6 6. Be3 Nge7 7. c3 Bd7 8.
Bxc6 Bxc6 9. Nf3 Nf5 10. Bd4 a5 11. b4 axb4 12. cxb4 b6 13. O-O Ba4 14. Qd2
Nxd4 15. Qxd4 bxc5 16. bxc5 Qa5 17. Rc1 Rc8 18. Nc3 Bd7 19. Qg4 Rxc5 20.
Ne2 Rxc1+ 21. Rxc1 Qxa2 22. Ng3 Qb2 23. Rd1 g6 24. Qg5 h6 25. Qf6 Rg8 26.
Qf4 Bc5 27. Ne1 g5 28. Qf3 Qxe5 29. Nd3 g4 30. Qxg4 Rxg4 31. Nxe5 Rd4 32.
Rc1 Bd6 33. Nxd7 Kxd7 34. Kf1 Ra4 35. Rc2 f5 36. Ke2 Bc7 37. Nf1 Kd6 38.
Ne3 h5 39. g3 h4 40. Ng2 Bd8 41. Ne1 e5 42. Nd3 e4 43. Nf4 d4 44. Rb2 d3+
45. Ke3 Kc6 46. Ng6 Bb6+ 47. Kd2 Bd4 48. Ne7+ Kd7 49. Rb7+ Ke6 50. Ng6 Ra2+
0-1

[Event "98th ch-GBR"]
[Site "Sheffield ENG"]
[Date "2011.07.26"]
[Round "2"]
[White "Birtwistle,N"]
[Black "Pleasants,A"]
[Result "1-0"]
[WhiteElo "2214"]
[BlackElo "2092"]
[EventDate "2011.07.25"]

1. d4 g6 2. c4 Bg7 3. Nc3 d6 4. e4 Nd7 5. Nge2 a6 6. Ng3 e6 7. Be2 Qh4 8.
Be3 Ne7 9. Qd2 h6 10. f4 f5 11. Bf2 Qf6 12. e5 Qf7 13. h4 h5 14. O-O Ng8
15. Bf3 dxe5 16. dxe5 Nh6 17. Nge2 Ng4 18. Nd4 Bh6 19. Bxg4 hxg4 20. Be3 b6
21. Nd5 exd5 22. e6 Qf6 23. exd7+ Bxd7 24. Bf2 O-O-O 25. c5 bxc5 26. Nb3
Bf8 27. Qxd5 Bc6 28. Qe5 Bg7 29. Qxc5 Rd6 30. Rac1 Rxh4 31. Na5 g3 32. Bxg3
Qd4+ 33. Qxd4 Bxd4+ 34. Bf2 Be4 35. Nc4 Bxf2+ 36. Rxf2 Rd8 37. Rc3 Rdh8 38.
Rd2 Rxf4 39. Ne5 Rfh4 40. Rd7 c6 41. Rg7 Rh1+ 42. Kf2 Rb1 43. Rb3 Rd8 44.
Rbb7 Rd2+ 45. Ke3 Rc2 46. Rgc7+ Kd8 47. Nf7+ Ke8 48. Rc8+ 1-0

[Event "98th ch-GBR"]
[Site "Sheffield ENG"]
[Date "2011.07.26"]
[Round "2"]
[White "Nelson,Jo"]
[Black "Hegarty,S"]
[Result "1-0"]
[WhiteElo "2204"]
[BlackElo "2065"]
[EventDate "2011.07.25"]

1. e4 c5 2. c3 d5 3. exd5 Qxd5 4. d4 g6 5. Nf3 Bg7 6. Be3 cxd4 7. cxd4 Nf6
8. Nc3 Qa5 9. Bc4 O-O 10. O-O Nc6 11. h3 Bf5 12. a3 Qc7 13. Ba2 Rad8 14.
Qe2 a6 15. Rac1 Qb8 16. d5 Ne5 17. Bf4 Nxf3+ 18. Qxf3 Qa8 19. Rfe1 Rfe8 20.
g4 Bd7 21. Re3 b5 22. Rce1 Bf8 23. Bg5 Kg7 24. Rxe7 1-0

[Event "98th ch-GBR"]
[Site "Sheffield ENG"]
[Date "2011.07.26"]
[Round "2"]
[White "Lenier,J"]
[Black "Ross,C"]
[Result "1/2-1/2"]
[WhiteElo "2065"]
[BlackElo "2234"]
[EventDate "2011.07.25"]

1. e4 e6 2. d3 d5 3. Nd2 c5 4. Ngf3 Nc6 5. Be2 Nf6 6. c3 Qc7 7. O-O Be7 8.
Re1 O-O 9. Bf1 b5 10. a3 a5 11. e5 Nd7 12. d4 Qb6 13. Bd3 cxd4 14. cxd4 b4
15. Nf1 Ba6 16. Bb1 Rfc8 17. Ng3 Nf8 18. h4 bxa3 19. bxa3 Rab8 20. Nh5 Ng6
21. Qd2 Qd8 22. g3 Rb3 23. Kg2 Qb6 24. Nxg7 Rxf3 25. Kxf3 Qxd4 26. Nh5 Qxd2
27. Bxd2 Nd4+ 28. Kg2 Nb3 29. Ra2 Nxd2 30. Rxd2 Bxa3 31. Rc2 Rxc2 32. Bxc2
Bb4 33. Rc1 Nxe5 34. Nf6+ Kg7 35. Ne8+ Kf8 36. Nf6 Kg7 37. Ne8+ Kf8 38. Nf6
h6 39. f4 Nc4 40. Nd7+ Ke7 41. Ne5 Bd2 42. Nxc4 Bxc1 43. Nxa5 f6 44. Nc6+
Kd6 45. Nd8 e5 46. Nf7+ Ke6 47. Nxh6 exf4 48. Nf5 fxg3 49. h5 Kf7 50. Kxg3
Bb2 51. h6 Kg6 52. Ne7+ Kxh6 53. Nxd5 Kg5 54. Nxf6 Bxf6 55. Kf3 1/2-1/2

[Event "98th ch-GBR"]
[Site "Sheffield ENG"]
[Date "2011.07.26"]
[Round "2"]
[White "Rabbitte,L"]
[Black "O'Toole,G"]
[Result "0-1"]
[WhiteElo "2034"]
[BlackElo "2185"]
[EventDate "2011.07.25"]

1. b4 e6 2. Bb2 Nf6 3. a3 a5 4. b5 d5 5. e3 Be7 6. Nf3 O-O 7. Be2 c5 8. c4
b6 9. d4 Nbd7 10. Nbd2 Bb7 11. O-O Qc7 12. Rc1 Rac8 13. Bd3 Qb8 14. Bb1 Qa8
15. Ne5 dxc4 16. Nxd7 Nxd7 17. dxc5 Rxc5 18. f3 Bf6 19. Bxf6 Nxf6 20. Rxc4
Rxb5 21. Qc2 Rc8 22. Rxc8+ Qxc8 23. Qxc8+ Bxc8 24. Rc1 Bd7 25. Kf2 Rb2 26.
Rc2 Rxc2 27. Bxc2 Bc6 28. e4 Nd7 29. Ke3 Kf8 30. Kd4 e5+ 31. Kc3 Ke7 32.
Nc4 f6 33. Bb3 Bb5 34. Ne3 g6 35. Nd5+ Kd6 36. Ne3 Bc6 37. h4 b5 38. h5
gxh5 39. Bf7 Kc5 40. Bxh5 b4+ 41. Kb2 Nb6 42. Bf7 Bb5 43. Ng4 Bc4 44. axb4+
axb4 45. Bxc4 Kxc4 46. Ne3+ Kd3 47. Nd5 Nd7 48. Kb3 Ke2 49. Kxb4 Kf2 50.
Kb5 Kxg2 51. Kc6 Kxf3 52. Kxd7 h5 53. Nxf6 h4 54. Ke6 h3 55. Kxe5 h2 56.
Kd6 h1=Q 57. e5 Qh6 58. Ke7 Kf4 59. Nd7 Kf5 60. Kd8 Ke6 61. Kc8 Qh8+ 62.
Kc7 Qg7 0-1

[Event "98th ch-GBR"]
[Site "Sheffield ENG"]
[Date "2011.07.26"]
[Round "2"]
[White "Burnett,J"]
[Black "Dines,S"]
[Result "1-0"]
[WhiteElo "2191"]
[BlackElo "1889"]
[EventDate "2011.07.25"]

1. d4 d5 2. c4 e6 3. Nc3 c5 4. cxd5 cxd4 5. Qxd4 Nc6 6. Qd1 exd5 7. Qxd5
Bd7 8. e3 Nf6 9. Qd1 Bc5 10. Nf3 Qe7 11. Be2 O-O-O 12. O-O g5 13. b4 Bb6
14. b5 Ne5 15. Qc2 Kb8 16. Bb2 Nxf3+ 17. Bxf3 Rhg8 18. Rfd1 g4 19. Nd5 Nxd5
20. Bxd5 h5 21. a4 Bc7 22. Qe4 Qd6 23. g3 Rge8 24. Qd4 Qh6 25. Qf6 Qh7 26.
Rac1 Be6 27. Bxe6 Rxd1+ 28. Rxd1 fxe6 29. Be5 Qc2 30. Qd8+ 1-0

[Event "98th ch-GBR"]
[Site "Sheffield ENG"]
[Date "2011.07.26"]
[Round "2"]
[White "MacQueen,C"]
[Black "Waterfield,J"]
[Result "1/2-1/2"]
[WhiteElo "2139"]
[BlackElo "1992"]
[EventDate "2011.07.25"]

1. d4 Nf6 2. c4 c5 3. d5 b5 4. cxb5 a6 5. bxa6 g6 6. g3 d6 7. Bg2 Bg7 8.
Nc3 Bxa6 9. Nf3 Nbd7 10. Rb1 Nb6 11. b3 Bc8 12. Nd2 Bf5 13. e4 Bc8 14. Qc2
Ba6 15. Bf1 Bxf1 16. Kxf1 Qc8 17. Kg2 Qa6 18. a4 O-O 19. Nb5 Rfc8 20. Bb2
c4 21. bxc4 Qxa4 22. Qxa4 Rxa4 23. Bxf6 Bxf6 24. Nxd6 exd6 25. Rxb6 Bc3 26.
Nf3 Raxc4 27. Rxd6 Rxe4 28. Rc1 Rec4 29. Ra6 Kg7 30. Ra7 Bf6 31. Rd1 Rc1
32. Rd2 R1c2 33. d6 Rxd2 34. Nxd2 Rc2 35. Ne4 Rc4 36. Kf3 Rd4 37. Rb7 Rd3+
38. Ke2 Rd4 39. f3 Rd5 40. h4 h5 41. Rb6 Be5 42. f4 Bd4 43. Rc6 Bb2 44. Rc2
Ba3 45. Rc7 Kf8 46. Rc8+ Kg7 47. Rc6 f5 48. Rc7+ Kf8 49. Ra7 Bxd6 50. Ng5
Be7 51. Nf3 Bf6 52. Rb7 Ra5 1/2-1/2